A dynamic simulation model of the world jute economy (Registro nro. 26844)

Detalles MARC
000 -LEADER
fixed length control field 00405 a2200133 4500
001 - CONTROL NUMBER
control field ART_13859
005 - DATE AND TIME OF LATEST TRANSACTION
control field 20260410161911.0
008 - FIXED-LENGTH DATA ELEMENTS--GENERAL INFORMATION
fixed length control field 260409a
100 1# - MAIN ENTRY--PERSONAL NAME
Personal name Blitzer, C.
245 10 - TITLE STATEMENT
Title A dynamic simulation model of the world jute economy
700 1# - ADDED ENTRY--PERSONAL NAME
Personal name Anderson, Jock
700 1# - ADDED ENTRY--PERSONAL NAME
Personal name Cauchois, Tom
773 0# - HOST ITEM ENTRY
Title European economic review
Related parts - Vol. 16, Nº 2/3 (jun./jul. 1981)
Record control number REV13346

No hay ítems disponibles.